|
|
|
|
| LEADER |
00971pam a22002778a 4500 |
| 001 |
00044926 |
| 005 |
20191017071004.0 |
| 008 |
131216s2013 ||||||viesd |
| 020 |
# |
# |
|a 978 604 1 13089 0
|c 85000
|
| 041 |
0 |
# |
|a vie
|
| 082 |
1 |
4 |
|a 658.409 2
|b NH100L
|
| 100 |
0 |
# |
|a Burg, Bob
|
| 242 |
# |
# |
|a Go giver leader
|
| 245 |
0 |
0 |
|c Bob Burg; John David Mann; Thiên Khôi (dịch)
|a Nhà lãnh đạo dám cho đi: Một câu chuyện nhỏ về điều quan trọng nhất trong kinh doanh
|
| 250 |
# |
# |
|a In lần thứ 1
|
| 260 |
# |
# |
|a Tp. Hồ Chí Minh
|b Trẻ
|c 2018
|
| 300 |
# |
# |
|a 228 tr.
|c 20 cm
|
| 653 |
# |
# |
|a Khả năng điều hành
|
| 653 |
# |
# |
|a Lãnh đạo
|
| 653 |
# |
# |
|a Thành công trong kinh doanh
|
| 700 |
# |
# |
|a Mann, John David
|
| 700 |
# |
# |
|a Thiên Khôi (dịch)
|
| 700 |
# |
# |
|e dịch
|
| 852 |
# |
# |
|j KD.0026150
|
| 910 |
# |
# |
|d 17/10/2019
|
| 980 |
# |
# |
|a Trung tâm Học liệu Lê Vũ Hùng, Trường Đại học Đồng Tháp
|